Флаш: рассказы, повесть; пер. с англ.

Bibliographische Detailangaben
1. Verfasser: Вульф В. Вирджиния
Weitere Verfasser: Гениева Е. (составитель)
Sprache:Russisch
Veröffentlicht: Москва, Известия, 1986
Schriftenreihe:Библиотека журнала "Иностранная литература"
Schlagworte:
Format: Buch
KOHA link:https://koha.lib.tpu.ru/cgi-bin/koha/opac-detail.pl?biblionumber=157931

MARC

LEADER 00000nam0a2200000 4500
001 157931
005 20231101222012.0
020 |a RU  |b 86-43799 
035 |a (RuTPU)RU\TPU\book\171304 
090 |a 157931 
100 |a 20090415d1986 m y0rusy5003 ca 
101 1 |a rus  |c eng 
102 |a RU 
105 |a y z 000ay 
200 1 |a Флаш  |e рассказы, повесть   |e пер. с англ.  |f В. Вулф  |g сост.и предисл. Е. Гениева 
210 |a Москва  |c Известия  |d 1986 
215 |a 224 с.  |d 17 см 
225 1 |a Библиотека журнала "Иностранная литература" 
610 1 |a английская литература 
610 1 |a рассказы 
610 1 |a повести 
675 |a 82  |z rus 
700 1 |a Вульф  |b В.  |c английская писательница  |c литературный критик  |f 1881-1941  |g Вирджиния  |2 stltpush  |3 (RuTPU)RU\TPU\pers\37690  |4 070  |9 20484 
702 1 |a Гениева  |b Е.  |4 220 
801 0 |a RU  |b RuMRKP  |c 19950704  |g psbo 
801 1 |a RU  |b 63413507  |c 20090415  |g PSBO 
801 2 |a RU  |b 63413507  |c 20161221  |g PSBO 
942 |c BK